000 00209nam a22000857a 4500
001 1235319
005 20250930123411.0
245 _aDUR BAKALIM PETEK
_cNECATİ TOSUNER
260 _bGÜNIŞIĞI KİTAPLIĞI YAYINLARI
999 _c1235319
_d1235319